Normal view MARC view
  • Maudoodi, Maulana Syed Abu Al Ala

Entry Personal Name

Number of records used in: 1

001 - CONTROL NUMBER

  • control field: 37377

003 - CONTROL NUMBER IDENTIFIER

  • control field: NUST

005 - DATE AND TIME OF LATEST TRANSACTION

  • control field: 20210314130249.0

008 - FIXED-LENGTH DATA ELEMENTS

  • fixed length control field: 210314|| aca||aabn | a|a d

040 ## - CATALOGING SOURCE

  • Original cataloging agency: NUST
  • Transcribing agency: NUST

100 ## - HEADING--PERSONAL NAME

  • Personal name: Maudoodi, Maulana Syed Abu Al Ala

670 ## - SOURCE DATA FOUND

  • Source citation: Work cat.: (NUST): Maudoodi, Maulana Syed Abu Al Ala , Islami Tehzeeb Aur Us Kay Usul Aur Mubadiat, 1981
© 2023 Central Library, National University of Sciences and Technology. All Rights Reserved.